000 00802nam a2200241Ia 4500
003 OSt
005 20220923213342.0
006 a|||||r|||| 00| 0
007 ta
008 220922b |||||||| |||| 00| 0 hin d
024 _a161,038
037 _cTextual
040 _aARTS
_cARTS
_bhin
041 _2hin
_ahin
082 _aO152,1:g(S:55), K2
100 _aकुलश्रेष्ठ, कमल
245 0 _aहिन्दी प्रेमाख्यानक काव्य
_b 17 से 175 तक
246 _aHindī premākhyānak kāvya: 1700 se 1750 taka
260 _c1962
650 _aहिन्दी साहित्य
_9156264
942 _hO152,1:g(S:55), K2
_cTEXL
_2CC
999 _c315710
_d315710